000 01355nam a2200241Ia 4500
999 _c37544
_d37544
001 3510
003 GE_BSU
005 20190618185012.0
008 181216s2009||||ge |||||||||||||| ||geo||
020 _a9789941019982
040 _cGE_BSU
041 _ageo
080 _a371.15+17 ი–53
100 _aინასარიძე, მაია
_92573
245 _bსიტუაციები სასკოლო ცხოვრებიდან :
_aმასწავლებლის ეთიკის სახელმძღვანელო /
_cავტ.: მაია ინასარიძე, სოფიკო ლობჟანიძე, შორენა მამუკაძე ; ილ. მამუკა ტყეშელაშვილი.
264 _aთბილისი :
_bმასწავლებელთა პროფ. განვითარების ცენტრი,
_c2009.
300 _a105 გვ. :
_bილ. ;
_c24 სმ.
653 _aპედაგოგიკური ეთიკა
700 _aლობჟანიძე, სოფიკო
_eავტორი
_92574
700 _aმამუკაძე, შორენა
_eავტორი
_92575
700 _aტყეშელაშვილი, მამუკა
_eმხატვარი
_940
942 _cBK
_2udc